Pays avec la lettre I - Statistiques

Statistiques générales
  • Ce quiz a été pris 655 fois
    640 depuis la dernière actualisation
  • Le résultat moyen est 95 sur 124
Statistiques - réponses
Réponses % Correct
Italie
95%
Irlande
93%
Australie
92%
Algérie
91%
Islande
91%
Chine
89%
États-Unis
89%
Finlande
89%
Inde
89%
Russie
89%
Albanie
88%
Argentine
88%
Brésil
88%
Afrique du Sud
87%
Indonésie
87%
Iran
87%
Irak
86%
Lituanie
86%
Estonie
85%
Tunisie
85%
Afghanistan
84%
Belgique
84%
Colombie
84%
Hongrie
84%
Lettonie
84%
Arménie
83%
Autriche
83%
Biélorussie
83%
Chili
83%
Turquie
83%
Arabie saoudite
82%
Bulgarie
82%
Croatie
82%
Libye
82%
Slovaquie
82%
Slovénie
82%
Vietnam
82%
Bolivie
81%
Israël
81%
Mali
81%
Roumanie
81%
Suisse
81%
Zambie
81%
Guinée
80%
Jordanie
80%
Mexique
80%
Saint-Marin
80%
Thaïlande
80%
Vatican
80%
Zimbabwe
79%
Birmanie
78%
Émirats arabes unis
78%
Fidji
78%
Liechtenstein
78%
Pakistan
78%
République démocratique du Congo
78%
République Dominicaine
78%
Guinée-Bissau
77%
Guinée-Équatoriale
77%
Jamaïque
77%
Malaisie
77%
Somalie
77%
Syrie
77%
Turkménistan
77%
Ukraine
77%
Azerbaïdjan
76%
Mauritanie
76%
Moldavie
76%
Mongolie
76%
République du Congo
76%
République tchèque
76%
Serbie
76%
Bosnie-Herzégovine
75%
Éthiopie
75%
Haïti
75%
Kirghizistan
75%
Liban
75%
Géorgie
74%
Niger
74%
Dominique
73%
Namibie
73%
Nigéria
73%
Ouzbékistan
73%
Suriname
73%
Royaume-Uni
72%
Sri Lanka
72%
Tadjikistan
72%
Bénin
71%
Koweït
71%
Libéria
71%
Maurice
71%
Philippines
71%
Tanzanie
71%
Belize
70%
Gambie
70%
Macédoine du Nord
70%
Maldives
70%
Nicaragua
70%
Papouasie-Nouvelle-Guinée
70%
République centrafricaine
70%
Singapour
70%
Taïwan
70%
Côte d'Ivoire
69%
Kiribati
69%
Mozambique
69%
Antigua-et-Barbuda
68%
Saint-Christophe-et-Niévès
68%
Sainte-Lucie
68%
Malawi
67%
Saint-Vincent-et-les Grenadines
67%
Burundi
66%
Djibouti
66%
Eswatini
66%
États fédérés de Micronésie
66%
Burkina Faso
65%
Brunei
64%
Trinité-et-Tobago
63%
Bahreïn
62%
Costa Rica
62%
Sierra Leone
61%
Timor Oriental
61%
Îles Marshall
60%
Îles Salomon
52%
Sao Tomé-et-Principe
49%
Aucun quiz correspondant
Distribution des résultats
% des personnes avec chaque résultat
Percentile par nombre de réponses
Votre historique - résultats
Vous n’avez pas pris ce quiz depuis la dernière actualisation